| 000 | 00723nam a2200229 i 4500 | ||
|---|---|---|---|
| 001 | 44659 | ||
| 003 | ES-MaACL | ||
| 005 | 20230906161055.0 | ||
| 007 | t| | ||
| 008 | 030324s1970 sp ||||1| spa d | ||
| 080 | _a616.89(083.1) | ||
| 100 | 1 |
_aCimica, Mario. _938842 |
|
| 245 | 1 | 4 |
_aLos complejos y los conflictos psicológicos / _cpor Mario Cimica ; [traducción de Alberto Pérez Alvarez]. |
| 260 |
_aBarcelona : _bHispano Europea, _c[1970] |
||
| 300 |
_a265 p. ; _c21 cm. |
||
| 490 | 1 | _aColección "El Hombre" | |
| 650 | 4 |
_aPsicopatología. _916577 |
|
| 700 | 1 |
_aPérez Alvarez, Alberto. _990634 |
|
| 830 | 0 |
_aColección "El Hombre" _9229905 |
|
| 852 |
_aES-MaACL _jC-39390 _bR.76158 |
||
| 999 |
_c44659 _d44659 |
||